Family law and customary law in Asia: a contemporary legal perspective (Record no. 40160)

MARC details
000 -LEADER
fixed length control field 00407nam a2200145Ia 4500
008 - FIXED-LENGTH DATA ELEMENTS--GENERAL INFORMATION
fixed length control field 230917s9999||||xx |||||||||||||| ||und||
040 ## - CATALOGING SOURCE
-- 79002
Original cataloging agency VIVEKANANDA LIBRARY
041 ## - Language
-- English
082 ## - DDC NUMBER
Classification number 346.015 B986F
100 ## - MAIN ENTRY--PERSONAL NAME
Personal name Buxbaum, David C, ed
245 #0 - TITLE STATEMENT
Title Family law and customary law in Asia: a contemporary legal perspective
260 ## - PUBLICATION, DISTRIBUTION, ETC. (IMPRINT)
Place of publication, distribution, etc Hague
Name of publisher, distributor, etc Martinus Nijhoff
Date of publication, distribution, etc 1968
300 ## - PHYSICAL DESCRIPTION
Pages xii, 287 p.
942 ## - ADDED ENTRY ELEMENTS (KOHA)
Koha item type Books
Holdings
Withdrawn status Lost status Damaged status Not for loan Location (home branch) Sublocation or collection (holding branch) Date acquired Koha issues (times borrowed) Koha full call number Accession No. Koha date last seen Koha item type
        VIVEKANANDA LIBRARY VIVEKANANDA LIBRARY 06/03/2003   346.015 B986F 105932 17/09/2023 Books
© Designed and Maintained by Vivekananda Library, MDU Rohtak